00597cam a22002051 4500001001300000003000400013005001700017008004100034010001700075035001800092040001700110042001200127050001700139110005100156245004100207260002300248300005900271651004400330999001700374sa 63002707 DLC20260227111935.0740408s1963 xx 000 0 eng  asa 63002707  a(OCoLC)851766 aDLCcOUdDLC apremarc00aHC337.R3bN32 aNational Council of Applied Economic Research.10aTechno-economic survey of Rajasthan. aNew Delhi,c[1963] axvi, 316 p.billus., maps (part fold.), tablesc25 cm. 0aRajasthan (India)xEconomic conditions. c54616d54616